| 000 | 01265pam a2200325 a 4500 | ||
|---|---|---|---|
| 999 |
_c3554 _d3554 |
||
| 001 | 1020543 | ||
| 003 | GZU | ||
| 005 | 20201202105648.0 | ||
| 008 | 880525s1988 ii a bs 001 0 eng | ||
| 010 | _a 88018225 | ||
| 020 | _a0803995717 (U.S.) | ||
| 040 |
_aDLC _cDLC _dDLC |
||
| 043 |
_aa-ii--- _aa-pk--- |
||
| 050 | 0 | 0 |
_aHD2075.P6 _bSIM 1988 |
| 082 | 0 | 0 |
_a338.1/0954/5 _219 |
| 100 | 1 | _aSims, Holly. | |
| 245 | 1 | 0 |
_aPolitical regimes, public policy, and economic development : _bagricultural performance and rural change in two Punjabs / _cHolly Sims. |
| 260 |
_aNew Delhi ; _aNewbury Park, Calif. : _bSage Publications, _c1988. |
||
| 300 |
_a206 p. : _bill. ; _c23 cm. |
||
| 500 | _aIncludes index. | ||
| 504 | _aBibliography: p. [190]-200. | ||
| 650 | 0 |
_aAgricultural productivity _zIndia _zPunjab. |
|
| 650 | 0 |
_aAgricultural productivity _zPakistan _zPunjab. |
|
| 650 | 0 |
_aRural development _zIndia _zPunjab. |
|
| 650 | 0 |
_aRural development _zPakistan _zPunjab. |
|
| 856 | 4 | 2 |
_3Publisher description _uhttp://www.loc.gov/catdir/enhancements/fy0657/88018225-d.html |
| 856 | 4 | 1 |
_3Table of contents only _uhttp://www.loc.gov/catdir/enhancements/fy0657/88018225-t.html |
| 906 |
_a7 _bcbc _corignew _d1 _eocip _f19 _gy-gencatlg |
||
| 942 |
_2lcc _cBK _h2075.P6 _iSIM _kHD |
||